Bordering Countries By Clue - Statistics

General Stats
  • This quiz has been taken 35 times
  • The average score is 14 of 20
Answer Stats
Hint Answer % Correct
Shares a name with a U.S. state Georgia
90%
Country with 14 borders that isn't China Russia
83%
Aleppo soap is made here Syria
80%
At war with the previous country Ukraine
80%
Home to the "Holy City" Israel
77%
The westernmost country in Africa Senegal
77%
Location of a city that is not Constantinople Turkey
77%
Poor country that borders 7 others Niger
73%
The delta to the world's largest river starts here Egypt
70%
Holds the largest oil reserves in Africa Libya
70%
Home to the Great Mosque of Djenne Mali
70%
The first country to recognize the United States Morocco
70%
Gained independence from France in 1943 Lebanon
67%
Its name is "Black Mountain" in English Montenegro
67%
Has Europe's tallest waterfall Austria
63%
Shaped like the first letter of its name Croatia
63%
This country has the most castles in Europe Czechia
63%
Known as the "eye" of Africa Mauritania
63%
Home to Postojna Cave Slovenia
63%
Has the only capital in the world that borders two countries Slovakia
60%
No matching quizzes found
Score Distribution
Percent of People with Each Score
Percentile by Number Answered
Your Score History
You have not taken this quiz